1288 1700 1558 1085 1436 1413 1065 1848 1715 1920 1003 1292 1660 1820 1293 1735 1111 1095 1081 1229 1693 1410 1651 1486 1854 1488 1766 1915 1045 1251 1561 1920 1421 1342 1195 1019 1213 1647 1686 1231 1538 1396 1499 1730 1046 1884 1968 1279 1819 1891 1193 1903 1338 1271 1683 1563 1222 1525 1270 1266 1236 1924 1955 1592 1825 1788 1392 1425 1240 1754 1199 1143 1276 1142 1924 1864 1559 1364 1991 1286 1438 1833 1764 1560 1954 1926 1631 1574 1738 1454 1124 1821 1103 1196 1140 1910 1556 1409 2000 BCNSPRNW ULIB Ver.6.0+V

เปลี่ยนเป็นภาษาไทย

Change to English
 แสดงรายละเอียดบรรณานุกรม
  กลับหน้าหลัก

Brief Record : Get Marc (ISO 2709) : E-mail record : QR code < ปิดหน้าต่าง
LEADER : 00000nam 2200000uu 4500
001    13399122267
003     ULIB
008    130121s2550||||th 000 0 tha d
020    9789749556696
050  4 PL4185^bม453พ
100 0  มานิต มานิตเจริญ
245 00 พจนานุกรมไทย ฉบับสมบูรณ์-ปรับปรุงใหม่^cมานิต มานิตเจริญ
260    กรุงเทพฯ:^bรวมสาส์น,^c2550
945    ^p380^l0^i024368
995    เกษร
999    ^aศิริพร
รายการนี้ยังไม่มีแท็ก
คุณยังไม่ได้ล็อกอิน คุณสามารถมีกิจกรรมร่วมกับเว็บไซต์ได้ แต่ต้องล็อกอินก่อน ::
  ล็อกอิน

รายการสื่อสารสนเทศ

ลำดับที่ ประเภท เลขเรียก/บาร์โค้ด สถานที่ สถานะ
- ไม่พบข้อมูล -

BibComment


ยังไม่เคยถูกคอมเมนท์

คอมเมนท์ทรัพยากรรายการนี้
  คอมเมนท์: พจนานุกรมไทย ฉบับ..


 Copyright 2026. Bcnsprnw @Library